000 00510nam a22001577a 4500
003 OSt
082 _a631.587
_bAPA
088 _a584
100 _aAPARNA
_aHARIPRIYA
_aMANCHIMA .S.LAL
_aMEGHA.P P
_95501
245 _aGEOPHYSICAL TECHNIQUES FOR AQUIFEER CHARACTERESTICS STUDIES-A CASE STUDY OF TAVANUR GRAMA PANCHAYAT,MALAPPURAM,KERALA
260 _aTAVANUR
_bDEPARTMENT OF IRRIGATION AND DRAINAGE ENGINEERING
_c2023
300 _a63
700 _aSAJEENA.S (Guide)
_93197
700 _aNAMITHA.M.R
942 _cPR
999 _c17722
_d17722